Т. 326, № 8; Известия Томского политехнического университета [Известия ТПУ]. Инжиниринг георесурсов

Dades bibliogràfiques
Parent link:Известия Томского политехнического университета [Известия ТПУ]. Инжиниринг георесурсов/ Национальный исследовательский Томский политехнический университет (ТПУ). Т. 326, № 8.— , 2015-.— 2413-1830
Idioma:rus
Publicat: 2015
Matèries:
Accés en línia:http://earchive.tpu.ru/handle/11683/43931
Format: MixedMaterials Electrònic Llibre
KOHA link:https://koha.lib.tpu.ru/cgi-bin/koha/opac-detail.pl?biblionumber=301624

MARC

LEADER 00000nlm2a2200000 4500
001 301624
005 20231102001423.0
035 |a (RuTPU)RU\TPU\book\326800 
090 |a 301624 
100 |a 20150811d2015 k y0rusy50 ca 
101 0 |a rus 
102 |a RU 
135 |a drcn ---uucaa 
181 0 |a i  
182 0 |a b 
200 0 |a Т. 326, № 8 
203 |a Текст  |c электронный 
210 |d 2015 
215 |a [136 с.]  |c [ил.] 
320 |a Библиогр. в конце статей 
452 1 |0 (RuTPU)RU\TPU\book\352836  |x 1684-8519  |t Т. 326, № 8  |d 2015  |p 137 с. 
461 1 |0 (RuTPU)RU\TPU\book\312844  |x 2413-1830  |t Известия Томского политехнического университета [Известия ТПУ]. Инжиниринг георесурсов  |f Национальный исследовательский Томский политехнический университет (ТПУ)  |v Т. 326, № 8  |d 2015-  
601 0 2 |a Национальный исследовательский Томский политехнический университет (ТПУ)  |c (2009- )  |2 stltpush  |3 (RuTPU)RU\TPU\col\15902 
606 1 |a Научно-технический потенциал  |2 stltpush  |3 (RuTPU)RU\TPU\subj\45166  |9 64427 
610 1 |a научные исследования 
610 1 |a труды учёных ТПУ 
610 1 |a георесурсы 
610 1 |a инжиниринг 
610 1 |a магматические образования 
610 1 |a Приполярный Урал 
610 1 |a датирование 
610 1 |a ветроэнергетические установки 
610 1 |a производительность 
610 1 |a расчеты 
610 1 |a нефтяные месторождения 
610 1 |a мониторинг 
610 1 |a газохроматографическое определение 
610 1 |a трансформаторы 
610 1 |a обмотки 
610 1 |a волновые процессы 
610 1 |a тепловой режим 
610 1 |a математическое моделирование 
610 1 |a теплоснабжение 
610 1 |a энергоэффективность 
610 1 |a геохимия 
610 1 |a ТЭЦ 
610 1 |a мини-ТЭЦ 
610 1 |a синхронные генераторы 
610 1 |a Западная Сибирь 
610 1 |a промывочные жидкости 
610 1 |a бурение 
610 1 |a скважины 
675 |a 62  |v 3 
801 1 |a RU  |b 63413507  |c 20091023 
801 2 |a RU  |b 63413507  |c 20200429  |g RCR 
856 4 0 |u http://earchive.tpu.ru/handle/11683/43931 
942 |c CF